| 000 | 01371nam a2200265 a 4500 | ||
|---|---|---|---|
| 003 | DO-SdBNP | ||
| 005 | 20240528191003.0 | ||
| 007 | ta | ||
| 008 | 100322s2020 dr a gr 000 01sp|spa | ||
| 020 | _a9789945923117 | ||
| 040 |
_aDO-SdBNP _bspa _cBNPHU |
||
| 082 | 4 |
_222 _bR426c |
|
| 110 | 1 |
_aRepública Dominicana _bConsejo Nacional de Discapacidad _978179 |
|
| 245 | 1 | 0 | _aConsecuencias sociales y económicas de la exclusión laboral de la población con discapacidad en República Dominicana / |
| 260 |
_aSanto Domingo : _bBanco Interamericano de Desarrollo, _c2020. |
||
| 300 |
_a156 p. : _c21 cm. |
||
| 504 | _aBibliografía : p. 151-153 | ||
| 505 |
_aCapítulo 1-- _tObjetivos y aspectos metodológicos.-- _gCapítulo 2 _tMarco Teórico-conceptual.-- _gCapítulo 3-- _tCualidades de la exclusión laboral dela población con discapacidad.-- _gCapítulo 4-- _tBarreras para la inclusión laboral plena.-- _gCapítulo 5-- _tMarco legal y marco programático.-- _gCapítulo 6-- _tRespuesta para la inclusión laboral de las personas con discapacidad.-- _tBibliografía.-- Anexos. |
||
| 590 | _aInventariado, 2021/ YL | ||
| 610 | 2 | 0 |
_aBanco Interamericano de Desarrollo _99655 |
| 650 | 4 |
_97310 _aTrabajo de personas con discapacidad _zRepública Dominicana |
|
| 650 | 4 |
_932641 _aPersonas con discapacidades físicas _xInclusión Laboral |
|
| 910 | _aMFELIZ | ||
| 942 |
_2ddc _cLBS1 |
||
| 999 |
_c49628 _d49628 |
||